<?xml version="1.0" encoding="UTF-8"?>
<record
    xmlns:xsi="http://www.w3.org/2001/XMLSchema-instance"
    xsi:schemaLocation="http://www.loc.gov/MARC21/slim http://www.loc.gov/standards/marcxml/schema/MARC21slim.xsd"
    xmlns="http://www.loc.gov/MARC21/slim">

  <leader>00750na  a2200229   4500</leader>
  <controlfield tag="001">18860</controlfield>
  <controlfield tag="003">MIRAKIL</controlfield>
  <controlfield tag="005">20181213155048.0</controlfield>
  <controlfield tag="008">161202b        tu            000 0      </controlfield>
  <datafield tag="020" ind1=" " ind2=" ">
    <subfield code="a">9757565083</subfield>
  </datafield>
  <datafield tag="040" ind1=" " ind2=" ">
    <subfield code="a">Milas</subfield>
    <subfield code="b">tur</subfield>
    <subfield code="c">TR-AnCHP</subfield>
  </datafield>
  <datafield tag="041" ind1=" " ind2=" ">
    <subfield code="a">tur</subfield>
  </datafield>
  <datafield tag="082" ind1=" " ind2=" ">
    <subfield code="a">353.920922 </subfield>
    <subfield code="b">A42i 1990</subfield>
  </datafield>
  <datafield tag="090" ind1=" " ind2=" ">
    <subfield code="a">353.920922 A42i 1990</subfield>
  </datafield>
  <datafield tag="100" ind1=" " ind2=" ">
    <subfield code="a">Aldan, Mehmet</subfield>
  </datafield>
  <datafield tag="245" ind1=" " ind2=" ">
    <subfield code="a">&#x130;z b&#x131;rakan m&#xFC;lki idare amirleri</subfield>
  </datafield>
  <datafield tag="260" ind1=" " ind2=" ">
    <subfield code="a">Ankara</subfield>
    <subfield code="b">TC &#x130;&#xE7;i&#x15F;leri Bakanl&#x131;&#x11F;&#x131; Ara&#x15F;t&#x131;rma, Planlama ve Koordinasyon Kurulu Ba&#x15F;kanl&#x131;&#x11F;&#x131;</subfield>
    <subfield code="c">1990</subfield>
  </datafield>
  <datafield tag="300" ind1=" " ind2=" ">
    <subfield code="a">VII, 560 s.</subfield>
    <subfield code="c">24 sm.</subfield>
  </datafield>
  <datafield tag="440" ind1=" " ind2=" ">
    <subfield code="a">TC &#x130;&#xE7;i&#x15F;leri Bakanl&#x131;&#x11F;&#x131;</subfield>
    <subfield code="p">Ara&#x15F;t&#x131;rma, Planlama ve Koordinasyon Kurulu Ba&#x15F;kanl&#x131;&#x11F;&#x131;</subfield>
    <subfield code="v">yay&#x131;n no genel : 438</subfield>
  </datafield>
  <datafield tag="650" ind1=" " ind2=" ">
    <subfield code="a">M&#xFC;lki idare</subfield>
  </datafield>
  <datafield tag="942" ind1=" " ind2=" ">
    <subfield code="2">ddc</subfield>
    <subfield code="c">BKS</subfield>
  </datafield>
  <datafield tag="952" ind1=" " ind2=" ">
    <subfield code="a">0001</subfield>
    <subfield code="b">0001</subfield>
    <subfield code="d">2016-12-02</subfield>
    <subfield code="e">2</subfield>
    <subfield code="l">0</subfield>
    <subfield code="o">353.920922 A42i 1990</subfield>
    <subfield code="p">010093</subfield>
    <subfield code="r">2016-12-02 00:00:00</subfield>
    <subfield code="v">0.00</subfield>
    <subfield code="w">2016-12-02</subfield>
    <subfield code="y">BKS</subfield>
  </datafield>
  <datafield tag="999" ind1=" " ind2=" ">
    <subfield code="c">5816</subfield>
    <subfield code="d">5816</subfield>
  </datafield>
</record>
